000 00686nam a2200241Ia 4500
003 OSt
005 20220918214227.0
006 a|||||r|||| 00| 0
007 ta
008 220917b |||||||| |||| 00| 0 eng d
024 _a136,404
037 _cTextual
040 _aARTS
_cARTS
_beng
041 _2eng
_aeng
082 _aX8:89A, M1
100 _aCowing Thomas G ed
_9130331
245 0 _aProductivity measurement in regulated industries
260 _aN.Y
_bAcademic Press
_c1981
650 _aECONOMICS
700 _a Stevenson Rodney E ed
_9130332
942 _hX8:89A, M1
_cTEXL
_2CC
999 _c259494
_d259494